000 00698nam a2200265Ia 4500
003 OSt
005 20221006144953.0
006 a|||||r|||| 00| 0
007 ta
008 221006b |||||||| |||| 00| 0 eng d
020 _c382p.
024 _a13,363
037 _cTextual
040 _aEASL
_cEASL
_beng
041 _2eng
_aeng
082 _aV4171.M, M7
100 _aARLINGTON L C
_9653260
245 0 _aIn search of old Peking
260 _aNew York
_bOxford University
_c1987
300 _aP17.50
_ccm.
490 _v CEL
700 _a LEWISOHN William
_9653261
942 _hV4171.M, M7
_cTEXL
_2CC
999 _c1081449
_d1081449